00579nam a2200169Ia 4500008004100000020001800041041000800059082001700067100006700084245003200151250000600183260003900189300001200228650002100240999001900261952012900280210716s2016 xx 000 0 und d a9789332575103 aeng a006.671 HUNC aHunt, Charlie;Beckwith, Monica;Parhar, Poonam;Rutisson, Bengt. aJava performance companion. a1 aNew DelhibPearson Educationc2016 axvi,165 aJava Programming c196415d196415 001040708MCAaAIMITbAIMITeBook Paradiseg339.00l0o006.671 HUNCpMCA15930r2025-07-21 00:00:00v237.30w2021-07-16yBK